GIOCATORI CHE HANNO GIOCATO NEL MILAN ,INTER E JUVE DAGLI ANNI 90 - Statistics

Statistiche generali
  • Questo quiz è stato fatto 402 volte
  • Il punteggio medio è 4 su 7
Statistiche sulle risposte
GIOCATORE % Corretto
PIRLO
88%
BONUCCI
75%
IBRAHIMOVIC
74%
BAGGIO
64%
VIERI
53%
DAVIDS
41%
VIEIRA
30%
Nessun quiz corrispondente trovato
Distribuzione punteggi
Percentuale di utenti per punteggio
Percentile per numero di risposta
I tuoi punteggi nel tempo
Non hai fatto questo quiz